LEADER 01146nam a2200265 i 4500 001 000000156395 003 CaOOAMICUS 005 20061204000000.0 008 061204s1964 it u000 u ita u 013 $a133750 040 $aSeMil$bita 245 10$aPaul Gauguin /$c[ Alberto Martini ]. 246 04$iTitolo in copertina:$aGauguin 260 $aMilano :$bFabbri,$ccopyr. 1964. 300 $a[6] p., 17. p. di tav. :$bill. ;$c36 cm. 490 0 $aI maestri del colore : la pił grande collana d'arte del mondo ;$v14 500 $aFormulazione di responsabilitą ricavata dal testo. 650 4$aGauguin, Paul.$0(OLS)http://semarc/subject/5322 700 1 $aMartini, Alberto,$d<1876-1954>.$0(OLS)http://semarc/name/7777 830 2$aI maestri del colore : la pił grande collana d'arte del mondo ;$v14.$0(OLS)http://semarc/title/2091 850 $aSeMil 852 $aSeMil$W1$xVenegono$y1$m5G XII 2/14$j108167$B108167$CSeMilBibl$Z2$F117778 $81 996 $6245$aPaul Gauguin$9(OLS)http://semarc/title/229226 996 $6246$aGauguin$9(OLS)http://semarc/title/45010 996 $6260$aMilano :$bFabbri$9(OLS)http://semarc/publisher/30054 LEADER 00824nam a2200193 i 4500 001 000000217540 003 CaOOAMICUS 005 20121207000000.0 008 121207s1789 xx u000 u lat u 013 $a196437 026 $ar.n- p-n- stam sufa (3) 1788 (R) 040 $aSeMil$bita 245 10$aTomus 2. 300 $a[4], 524 p. 500 $aSegn. : pigreco2 A-2I8 2K6. 773 0 $tInstitutiones theologicae auctoritate D.D. Archiepiscopi Lugdunensis ad usum scholarum suae dioecesis editae. Nunc primum observationibus illustratae & notis apologeticis vindicatae. Tomus 1. [-6.].$dLugduni ; extant Genuae : apud Augustinum Olzati, 1788-1789.$g2$w()27803 850 $aSeMil 852 $aSeMil$W1$xVenegono$y1$m2F II 20 FA$j167954$B167954$CSeMilBibl$Z2$F178728 $8I 996 $6245$aTomus 2$9(OLS)http://semarc/title/93022